Drake-Rapper Quiz - Statistics

General Stats
  • This quiz has been taken 207 times
  • The average score is 13 of 20
Answer Stats
Hint Answer % Correct
Drake's Home Country Canada
90%
Drake's Real Name Aubrey Graham
85%
According to Kendrick Lamar, drake is a "Certified ________" Pedophile
81%
Drake's Record Label October's Very Own
78%
A nickname, and Drake's Instagram Username Champagne Papi
76%
Drake's son, who has a verse on his song 'Daylight' Adonis
74%
Take Care
72%
For All the Dogs
70%
Scorpion
66%
Views
65%
Certified Lover Boy
63%
The song which Drake started his beef with Kendrick Lamar, dissing him on a J. Cole verse First Person Shooter
63%
Future Song featuring Drake starting with "Working on the weekend like usual..." Life Is Good
63%
Drake serves as the global ambassador for which pro sports team? Toronto Raptors
57%
Honestly, Nevermind
54%
Nothing Was the Same
54%
Drake's Studio Albums Thank Me Later
46%
In 2018, Drake dissed which rapper with his "Duppy Freestyle" Pusha T
43%
What Teen Drama was Drake on before his fame? Degrassi
41%
"Those my brothers, I ain't even gotta say it, that's just ___________________" Something They Know
33%
No matching quizzes found
Score Distribution
Percent of People with Each Score
Percentile by Number Answered
Your Score History
You have not taken this quiz